000 00525nam a2200193Ia 4500
005 20240823061312.0
008 240823s9999||||xx |||||||||||||| ||und||
041 _aENGLISH
082 _A355.343 Q1
100 _a"Andress, Jason"
245 0 _a"Cyber Warfare : Techniques, Tactics and Tools for Security Practitioners"
250 _a1st
260 _c2011
_bEls
_aJapan
500 _aTRANSFERED
650 _aCyber Security
_bInformation Technology
700 _a" Winterfeld, Steve"
942 _cBK
999 _c233197
_d233197